000 00855nam a22002657a 4500
001 ENG-90620
003 dpl
005 2008072908108.0
006 a|||||r|||||00| 0
008 080729t xxu||||| |||| 00| 0 eng d
010 _aENG-90620
020 _a0070263523
_c110.00
035 _aEN-74153
037 _bDBAD / PUB
040 _aDPL
082 _a540
100 _aDhawan, Prem
245 _aTata McGraw-Hill's chemistry :
_cby Prem Dhawan
_bfor class X
260 _aNew Delhi
_bTata McGraw-Hill Publishing
_cc2008
270 _a7, West Patel Nagar
_bNew Delhi
_cDelhi
_e110008
300 _axiv, 217 p.
_c24 cm. (Pbk)
650 _aChemistry
942 _adpl
_cEN
_2ddc
_h540
_mDHA
999 _c14642
_d14642